| 000 | 00623nam a22002057a 4500 | ||
|---|---|---|---|
| 003 | 0 | ||
| 005 | 20260117141050.0 | ||
| 008 | 260117b xxu||||| |||| 00| 0 eng d | ||
| 020 | _a978-983960495-5 | ||
| 050 |
_aER _bHan236 2010 |
||
| 082 |
_aER _bHan236 2010 |
||
| 100 | _aKelman, Marcy | ||
| 245 |
_aHandy Manny : _bthink green _cMarcy Kelman |
||
| 260 |
_aMalaysia : _bScholastic Malaysia, _c2010. |
||
| 300 |
_a24 unnumbered pages : _bcolored illustrations ; _c21 cm. |
||
| 650 |
_aEnvironmental protection _vJuvenile fiction. |
||
| 650 | _aJuvenile works. | ||
| 700 |
_aBatson, Alan, _eillustrator. |
||
| 942 |
_2ddc _cBK |
||
| 999 |
_c368735 _d368735 |
||